000 01330nam a2200337 a 4500
001 3008679
003 000023
005 20220326193245.0
008 931110s1991 sz a b 000 0 ger d
010 _a 93230427
020 _a3906554066
035 _a(OCoLC)26468936
040 _aNcD
_cNcD
_dNN
_dDLC
041 0 _agereng
042 _alccopycat
043 _ae------
050 0 0 _aTX415
_b.K33 1991
082 0 0 _a641.6.373.094
_bB187K
_220
245 0 0 _aKaffee im Spiegel europäischer Trinksitten / Coffee in the Context of European Drinking Habits
_cherausgegeben von Daniela U. Ball = Coffee in the context of European drinking habits / edited by Daniela U. Ball.
260 _aZürich :
_bJohann Jacobs Museum,
_cc1991.
300 _a247 p. :
_bill. ;
_c24.5 cm.
440 0 _aVeröffentlichungen des Johann Jacobs Museums zur Kulturgeschichte des Kaffees ;
_vBd. 2
_918
500 _aGerman and English.
504 _aIncludes bibliographical references.
650 0 _aCoffee
_zEurope
_xHistory.
_919
650 0 _aDrinking customs
_zEurope
_xHistory.
_920
700 1 _aBall, Daniela.
_921
740 0 _aCoffee in the context of European drinking habits.
906 _a7
_bcbc
_ccopycat
_d2
_encip
_f19
_gy-gencatlg
999 _c8
_d8